| 000 | 00538cam a2200217 4500 | ||
|---|---|---|---|
| 001 | D9431 | ||
| 008 | 090401t1985 xxu||||| |||| 00| 0 eng d | ||
| 035 | _a(Sirsi) u19707 | ||
| 041 | _aeng | ||
| 050 | _a346.41032 | ||
| 100 | _aUnderwood, Ashley | ||
| 245 | _aUnderwood and Holt`s professional negligence | ||
| 250 | _a2nd | ||
| 260 |
_aLondon _bFourmat Publishing _c1985 |
||
| 300 | _axix. 136p. 22cm | ||
| 350 | _a5.5 | ||
| 700 | _aHarrop-Griffiths, Hilton | ||
| 700 | _aBennington, Jane | ||
| 942 | _n0 | ||
| 948 | _c04/03/1997 | ||
| 999 |
_c87701 _d87701 |
||